000
00354 a2200169 4500
001
175416
020
_a
85-08-04543-3
040
_c
Magnum
100
_a
Barone, Antônio A.
240
1
0
_a
Aids
_l
por
245
1
0
_a
Aids
300
_a
48
362
0
_a
1997
440
1
_a
Ática
697
_a
CIÊNCIAS FÍSICAS, QUÍMICAS E BIOLÓGICAS
942
_c
BK
999
_c
175416
_d
175416